000 00718nam a2200205Ia 4500
003 GCL
008 140319s9999 xx 000 0 ara d
040 _aGCL /
_cGCL
082 0 4 _a225.2
_bم د
100 1 _aمحمود توفيق محمد سعد
245 1 0 _aدلالة الالفاظ عند الاصوليين دراسة بيانية ناقدة /
_cمحمود توفيق محمد سعد
300 _a430 ص
490 _aالاسس البيانية لاصول الفقة
_v0
650 0 4 _aالبلاغة العربية
650 0 4 _aالفقه الاسلامى
650 0 4 _aالدلالة
650 0 4 _aاللغة العربية - الالفاظ
650 0 4 _aالقران - الفاظ
942 _2ddc
_cBK
999 _c37780
_d37780